000 00598nam a2200205Ia 4500
008 160319s9999 xx 000 0 und d
020 _a971-574-037-5
050 _aFIL LB 2395.3
050 _b.G38 2001 c.2
245 _aGateways and skyways to developmental reading /
245 _cAraceli M. Villamin… [et al]
260 _aQuezon City:
260 _bKatha Pub. Co., Inc.,
260 _c2001
300 _a202 pages :
300 _billustrations ;
300 _c25 cm.
650 _aReading (Higher education).
650 _xReading (Higher education) -- Problems, exercises, etc.
999 _c291758
_d291758